Deadpool Trilogy Cast - Sudden Death - Statistics

General Stats
  • This quiz has been taken 203 times
  • The average score is 9 of 19
Answers on the Grid
Answers color-coded by a green-red scale on the quiz's grid according to % correct below.
Ryan Reynolds
Hugh Jackman
Emma Roberts
Tyrese Gibson
Hugh Grant
Gina Carano
Morena Baccarin
Ray Park
Zazie Beetz
Brad Pitt
Colin Hanks
Blake Lively
Jack Black
Dwayne Johnson
Jennifer Garner
Dolph Lundgren
Stan Lee
Kevin Hart
Chris Evans
Bill Burr
Dafne Keen
Karan Soni
Josh Brolin
Terry Crews
Katee Sackhoff
Wesley Snipes
Stefan Kapicic
Karen Gillan
Tyler Mane
T.J. Miller
 
Answer Stats
Answer % Correct
Ryan Reynolds
99%
Hugh Jackman
98%
Stan Lee
58%
Brad Pitt
57%
Chris Evans
57%
Blake Lively
52%
Josh Brolin
52%
Wesley Snipes
52%
Jennifer Garner
51%
T.J. Miller
49%
Morena Baccarin
48%
Zazie Beetz
45%
Terry Crews
44%
Dafne Keen
41%
Gina Carano
35%
Karan Soni
25%
Stefan Kapicic
24%
Tyler Mane
22%
Ray Park
21%
No matching quizzes found
Score Distribution
Percent of People with Each Score
Percentile by Number Answered
Your Score History
You have not taken this quiz